000 00320 a2200109 4500
020 _a9780833046581
082 _a363.3250959 CHA
100 _aChalk, Peter
245 _aThe Evolving Terrorist Threat t Southeast Asia
_cPeter chalk
260 _aSanta Monica :
_bRand Corporation,
_c2009
300 _axxv,238p. :
_bill ., ;
_c24 cm
650 _aTerrorism
999 _c393
_d393